Socio-economic challenges of globalization (Record no. 81152)
[ view plain ]
| 000 -LEADER | |
|---|---|
| fixed length control field | 01739pab a2200181 454500 |
| 008 - FIXED-LENGTH DATA ELEMENTS--GENERAL INFORMATION | |
| fixed length control field | 180718b2008 xxu||||| |||| 00| 0 eng d |
| 100 ## - MAIN ENTRY--PERSONAL NAME | |
| Personal name | Tripathi, Prakash Mani |
| 245 ## - TITLE STATEMENT | |
| Title | Socio-economic challenges of globalization |
| 260 ## - PUBLICATION, DISTRIBUTION, ETC. | |
| Date of publication, distribution, etc. | 2008 |
| 300 ## - PHYSICAL DESCRIPTION | |
| Extent | p.717-25. |
| 362 ## - DATES OF PUBLICATION AND/OR SEQUENTIAL DESIGNATION | |
| Dates of publication and/or sequential designation | Oct-Dec |
| 520 ## - SUMMARY, ETC. | |
| Summary, etc. | In general connotation globalization stands for free communication, destined for the rapid development at International level through the spread of social, economic, political, educational, ecological, cultural, scientific and technological advancement. Certainly, economy is the core of globalization but it has other dimensions too. Every dimension is related to some other dimension and each dimension has it's own branches and sub-branches which by different means and processes create a network of interdependence between different regions. thus, globalization involves a series of activities through which a region affects others and in turn gets affected by them. No doubt, globalization has caused the opening of innumerable opportunities. It believes in integrated system being conducted by the economic quality, product and profit but is far from its objectives of equality, eradication of poverty, unemployment, social disorganization, ecological degeneration and human security. In brief, globalization has resulted in establishing new standards of social, economic, political, cultural and ecological degeneration. In the present research paper, a brief attempt has been made to highlight social and economic challenges caused by the process of globalization. - Reproduced. |
| 650 ## - SUBJECT ADDED ENTRY--TOPICAL TERM | |
| Topical term or geographic name entry element | Globalization |
| 700 ## - ADDED ENTRY--PERSONAL NAME | |
| Personal name | Tiwari, Santosh Kumar |
| 773 ## - HOST ITEM ENTRY | |
| Main entry heading | Indian Journal of Political Science |
| 908 ## - PUT COMMAND PARAMETER (RLIN) | |
| Put command parameter | N |
| 909 ## - | |
| -- | 81152 |
| Withdrawn status | Lost status | Damaged status | Not for loan | Permanent Location | Current Location | Date acquired | Serial Enumeration / chronology | Barcode | Date last seen | Price effective from | Koha item type |
|---|---|---|---|---|---|---|---|---|---|---|---|
| Indian Institute of Public Administration | Indian Institute of Public Administration | 2018-07-19 | Volume no: 69, Issue no: 4 | AR81612 | 2018-07-19 | 2018-07-19 | Articles |
